Τυχαιότητα, ειρωνεία, αλληλεγγύη
Saved in:
| Main Author: | |
|---|---|
| Other Authors: | , |
| Format: | Book |
| Language: | Greek English |
| Published: |
Αθήνα :
Αλεξάνδρεια,
2002.
|
| Edition: | 1η έκδ. |
| Series: | Φιλοσοφικοί δρόμοι
|
| Subjects: | |
| Tags: |
Add Tag
No Tags, Be the first to tag this record!
|
MARC
| LEADER | 00000cam a2200000 i 4500 | ||
|---|---|---|---|
| 001 | 1/79403 | ||
| 008 | 050627s2002 gr | ||| |||| ||gre|| | ||
| 020 | |a 9602211911 | ||
| 035 | |l 10078748 | ||
| 040 | |a GR-MyUA |b gre |e AACR2 | ||
| 041 | 1 | |a gre |h eng | |
| 082 | 0 | |a 401 |2 (22) | |
| 100 | 1 | |a Rorty, Richard. | |
| 245 | 1 | 0 | |a Τυχαιότητα, ειρωνεία, αλληλεγγύη / |c Richard rorty ; μετάφραση Κώστας Κουρεμένος ; επιμέλεια Κώστας Λιβιεράτος ; επιστημονική θεώρηση Νικόλαος Μπινιάρης. |
| 250 | |a 1η έκδ. | ||
| 260 | |a Αθήνα : |b Αλεξάνδρεια, |c 2002. | ||
| 300 | |a 335 σ. ; |c 21 εκ. | ||
| 490 | 1 | |a (Φιλοσοφικοί δρόμοι) | |
| 500 | |a Μετάφραση από τα αγγλικά | ||
| 500 | |a Πρόλογος του συγγραφέα για την ελληνική έκδοση | ||
| 504 | |a Περιέχει ευρετήριο. | ||
| 650 | 0 | 0 | |a Language and languages |x Philosophy. |
| 700 | 1 | |a Κουρεμένος, Κώστας, |e trl | |
| 700 | 1 | |a Λιβιεράτος, Κώστας, |e edt | |
| 700 | 1 | |a Μπινιάρης, Νικόλαος, |e oth | |
| 765 | 0 | 8 | |i Μετάφραση του: |t Contingency, irony, and solidarity / |
| 830 | 0 | |a Φιλοσοφικοί δρόμοι | |
| 852 | |a INST |b LESVOS |e 20050627 |h 401 ROR |p 005100032218 |q 005100032218 |t BK |y 0 | ||
| 901 | |a BIBL1-2005-2 | ||
| 909 | |a Λ |b 121063 | ||
| 920 | |a ΕΠΕΑΕΚ ΚΟΙΝΩΝΙΚΗΣ ΑΝΘΡΩΠΟΛΟΓΙΑΣ ΚΑΙ ΙΣΤΟΡΙΑΣ |y Λέσβος |z 2004-12 | ||
| 970 | |a ΚΑΡΑ |b ΓΙΑΣΕΜΗ |z 2005/06/27 | ||